书目信息 |
| 题名: |
小学考
|
|
| 作者: | 谢启昆 撰 | |
| 分册: | 二 | |
| 出版信息: | 扬州 广陵古籍刻印社 1987.04 |
|
| 页数: | 1册 | |
| 开本: | 15.5*10.7cm | |
| 丛书名: | ||
| 单 册: | ||
| 中图分类: | H1 | |
| 科图分类: | ||
| 主题词: | 汉语 | |
| 电子资源: | ||
| ISBN: | ||
| 000 | 00660nam0 2200205 450 | |
| 001 | 0652250812 | |
| 005 | 20061019144053.03 | |
| 010 | @b线装@dCNY41.00(函) | |
| 100 | @a20061019d1987 km y0chiy0120 ea | |
| 101 | 0 | @achi |
| 200 | 1 | @a小学考@Axiao xue kao@h二@f(清)谢启昆撰@F(qing)xie qi kun zhuan |
| 210 | @a扬州@c广陵古籍刻印社@d1987.04 | |
| 215 | @a1册@d15.5*10.7cm | |
| 300 | @a一至七为一函,共五十卷,书后附罗福颐补撰《小学考补目》 | |
| 305 | @a扬州广陵古籍刻印社据光绪十五年排印本景印,书后目录近人罗福颐补撰,据待时轩丛刊本辑入 | |
| 606 | 0 | @a汉语 |
| 690 | @aH1@v3 | |
| 701 | 0 | @a谢启昆@Axie qi kun@4撰 |
| 801 | 0 | @aCN@bPFT@c20061019 |
| 905 | @a10447@dH1@e1:2 | |
| 小学考.二/(清)谢启昆撰.-扬州:广陵古籍刻印社,1987.04 |
| 1册;15.5*10.7cm |
| 一至七为一函,共五十卷,书后附罗福颐补撰《小学考补目》 |
| ISBN (线装):CNY41.00(函) |
| ● |
| 相关链接 |
|
|
|
|
正题名:小学考
索取号:H1/1:2
 
预约/预借
| 序号 | 登录号 | 条形码 | 馆藏地/架位号 | 状态 | 备注 |
| 1 | 0222259 | 202406627 | 古籍典藏专区/ [索取号:H1/1:2] | 在馆 |